000 00369 a2200169 4500
001 69750
020 _a8508080468
040 _cAnchieta - Itaigara
100 _aCastle, Carolina
240 1 0 _aPara toda criança
_lpor
245 1 0 _aPara toda criança
300 _a39
362 0 _a2000
440 1 _aÁtica
650 4 _aLiteratura infanto-juvenil
942 _cBK
999 _c69750
_d69750